| 000 | 01081nam a2200253 i 4500 | ||
|---|---|---|---|
| 001 | 186172 | ||
| 003 | ES-MaACL | ||
| 005 | 20251114131554.0 | ||
| 008 | 160914s2016 sp ac |||| |bspa d | ||
| 080 | _a821.134.4-82"19" | ||
| 100 | 1 |
_aFilgueira Valverde, José, _d1906-1996 _950833 |
|
| 245 | 1 | 0 |
_aJosé Filgueira Valverde en la prensa de Madrid _b: (artículos en ABC y Ya) / _cedición de Luis Alonso Girgado, Laura Piñeiro Pais, Noelia Estévez Rionegro ; colaboración de Xurxo Martínez González. |
| 260 |
_a[Santiago de Compostela] : _bFollas Novas : _bCompostellanum, _c[2016] |
||
| 300 |
_a212 p. : _bil., retr. ; _c22 cm. |
||
| 490 | 1 |
_aCompostellanum. _aSubsidia ; _v3 |
|
| 504 | _aBibliografía: p. 199-212. | ||
| 600 | 1 | 7 |
_aFilgueira Valverde, José, _d1906-1996 _2embne _950833 |
| 700 | 1 |
_aAlonso Girgado, Luis, _d1946- _920332 |
|
| 700 | 1 |
_aPiñeiro Pais, Laura. _9160858 |
|
| 830 | 0 |
_aCompostellanum. _aSubsidia ; _v3 _9225361 |
|
| 852 |
_aES-MaACL _jA-13894 _9193225 _bR.151171 _cDEPO1 _dOlim: N-6894 |
||
| 942 | _2udc | ||
| 999 |
_c186172 _d186172 |
||